000 00580nam a2200193Ia 4500
003 GCL
008 140319s9999 xx 000 0 eng d
040 _aGCL /
_cGCL
082 0 4 _a910.922
_bP O
100 1 _aPODELL, JANET
245 1 0 _aOLD WORLD TO NEW: THE AGE OF EXPLORATION AND DISCOVERY /
_cPODELL, JANET
700 1 _aANZOUIN, STEVEN
260 _a[S.N] :
_bTHE H. W. WILSON COMPANY ،
_c1993
300 _a286 P
650 0 4 _aBIOGRAPHY - DICTIANARIES
650 0 4 _aEXPLORESS - BIOGRAPHY - DICTIONARY
650 0 4 _aSCIENCE - BIOGROPHY - DICTIONARY
942 _2ddc
_cBK
999 _c15738
_d15738